LIBRARY & INFORMATION CENTRE, KCAET, TAVANUR

ONLINE PUBLIC ACCESS CATALOGUE (OPAC)

Text Book of Seed Science and Technology (Record no. 15568)

MARC details
000 -LEADER
fixed length control field 00381nam a22001457a 4500
003 - CONTROL NUMBER IDENTIFIER
control field OSt
008 - FIXED-LENGTH DATA ELEMENTS--GENERAL INFORMATION
fixed length control field 190516b ||||| |||| 00| 0 eng d
020 ## - INTERNATIONAL STANDARD BOOK NUMBER
ISBN 9789381450437
082 ## - DEWEY DECIMAL CLASSIFICATION NUMBER
Classification number 631.521
Item number PAD/TE
100 ## - MAIN ENTRY--AUTHOR NAME
Personal name Padmavathi, S
245 ## - TITLE STATEMENT
Title Text Book of Seed Science and Technology
260 ## - PUBLICATION, DISTRIBUTION, ETC. (IMPRINT)
Place of publication New Delhi
Name of publisher New India Publishing Agency
Year of publication 2011
300 ## - PHYSICAL DESCRIPTION
Number of Pages 272 p
942 ## - ADDED ENTRY ELEMENTS (KOHA)
Koha item type Books
Holdings
Withdrawn status Lost status Damaged status Collection code Home library Current library Shelving location Date acquired Cost, normal purchase price Full call number Accession Number Koha item type
      Non-fiction KAUAET KAUAET General Stacks 16/05/2019 1500.00 631.521 PAD/TE 25746 Books
free website counter